000
00219nam a22000857a 4500
008
170601b xxu||||| |||| 00| 0 eng d
100
_9
3213
_a
Shastri. K
245
_a
Enchanted the Mangoes
260
_a
New Delhi
_b
Devamala
_c
2001
999
_c
6526
_d
6526